Bez sankcií

Ťažká sociálna a hospodárska situácia v Belehrade po prerušení sankcií OSN voči bývalej Juhoslávii. Dlhodobý proces ekonomickej normalizácie. Sociálne podmienky obyvateľov pri obnove vojnou zničeného hospodárstva.

Gespeichert in:
Bibliographische Detailangaben
1. Verfasser: Brabec, J.
Format: Buchkapitel
Sprache:Slowakisch
Schlagworte:
Tags: Tag hinzufügen
Keine Tags, Fügen Sie das erste Tag hinzu!

MARC

LEADER 00000naa a2200000 4500
001 r020015
005 20230801103507.2
041 0 |a slo 
044 |a SK 
245 1 0 |a Bez sankcií  |c J. Brabec 
520 |a Ťažká sociálna a hospodárska situácia v Belehrade po prerušení sankcií OSN voči bývalej Juhoslávii. Dlhodobý proces ekonomickej normalizácie. Sociálne podmienky obyvateľov pri obnove vojnou zničeného hospodárstva. 
610 2 0 |a Srbsko 
610 2 0 |a 1996 
610 2 0 |a situácia hospodárska 
610 2 0 |a sankcie 
100 1 |a Brabec, J.